[Event "Krynica op"]
[Site "Krynica"]
[Date "1995.??.??"]
[Round "4"]
[White "Mednikova, Svetlana"]
[Black "Rosiak, Andrzej"]
[Result "0-1"]
[WhiteElo "2125"]
[BlackElo "2370"]
[PlyCount "31"]
[EventDate "1995.??.??"]
[EventType "swiss"]
[EventRounds "9"]
[EventCountry "POL"]
[SourceTitle "EXT 2004"]
[Source "ChessBase"]
[SourceDate "2003.11.25"]
[SourceVersion "1"]
[SourceVersionDate "2003.11.25"]
[SourceQuality "1"]

1. e4 e6 2. d4 d5 3. Nc3 Nf6 4. e5 Nfd7 5. f4 c5 6. Nf3 Nc6 7. dxc5 Bxc5 8. Bd3 f6 9. exf6 Nxf6 10. Qe2 0-0 11. Bd2 a6 12. 0-0-0 b5 13. Kb1 Bd6 14. Rde1 b4 15. Nd1 Qc7 16. Ne5 0-1

[Event "POL-chT 47th"]
[Site "Mikolajki"]
[Date "1991.09.??"]
[Round "5"]
[White "Yuferov, Sergey N"]
[Black "Rosiak, Andrzej"]
[Result "0-1"]
[WhiteElo "2435"]
[BlackElo "2350"]
[PlyCount "99"]
[EventDate "1991.09.20"]
[EventType "team-swiss"]
[EventRounds "9"]
[EventCountry "POL"]
[SourceTitle "EXT 2019"]
[Source "ChessBase"]
[SourceDate "2018.10.10"]
[SourceVersion "1"]
[SourceVersionDate "2018.10.10"]
[SourceQuality "1"]
[WhiteTeam "Myslowice Gornik 09"]
[BlackTeam "Lodz Anilana"]
[WhiteTeamCountry "POL"]
[BlackTeamCountry "POL"]

1. d4 Nf6 2. Nf3 g6 3. c4 Bg7 4. Nc3 0-0 5. e4 d6 6. Be2 e5 7. d5 a5 8. Bg5 h6 9. Bh4 Na6 10. Nd2 Nc5 11. 0-0 c6 12. Rb1 Bd7 13. Nb3 Nxb3 14. Qxb3 Rb8 15. Rfd1 g5 16. Bg3 c5 17. Qc2 h5 18. f3 h4 19. Bf2 Nh5 20. a3 b6 21. b4 axb4 22. axb4 Qf6 23. bxc5 bxc5 24. Rxb8 Rxb8 25. Rb1 Rxb1+ 26. Qxb1 Nf4 27. Qb8+ Bf8 28. Qc7 Nxe2+ 29. Nxe2 Ba4 30. Qb6 Bd1 31. Nc3 Bxf3 32. gxf3 Qxf3 33. Qb2 Qg4+ 34. Kf1 Qh3+ 35. Ke2 Qxh2 36. Qc1 Be7 37. Qg1 Qh3 38. Nd1 g4 39. Be3 Qf3+ 40. Kd3 g3 41. Nf2 Bg5 42. Nh3 Bf4 43. Kd2 Qxe4 44. Bxf4 exf4 45. Qf1 Qe3+ 46. Kc2 Qe4+ 47. Kc3 f3 48. Qc1 Qe5+ 49. Kb3 f2 50. Nf4 0-1

[Event "POL-chT 46th prel"]
[Site "Bydgoszcz"]
[Date "1990.09.19"]
[Round "4"]
[White "Rosiak, Andrzej"]
[Black "Kuczynski, Robert"]
[Result "1/2-1/2"]
[WhiteElo "2355"]
[BlackElo "2480"]
[PlyCount "33"]
[EventDate "1990.09.16"]
[EventType "team-swiss"]
[EventRounds "6"]
[EventCountry "POL"]
[SourceTitle "EXT 2019"]
[Source "ChessBase"]
[SourceDate "2018.10.10"]
[SourceVersion "1"]
[SourceVersionDate "2018.10.10"]
[SourceQuality "1"]
[WhiteTeam "Lodz Anilana"]
[BlackTeam "Warszawa Legion"]
[WhiteTeamCountry "POL"]
[BlackTeamCountry "POL"]

1. c4 f5 2. Nf3 Nf6 3. g3 g6 4. Bg2 Bg7 5. 0-0 0-0 6. d4 d6 7. b3 c6 8. Bb2 a5 9. a3 Na6 10. Nbd2 Qe8 11. Qc2 Nh5 12. d5 e5 13. dxe6 Bxe6 14. Bxg7 Nxg7 15. Qc3 Nc7 16. e3 Qe7 17. Nd4 1/2-1/2

[Event "Chemnitz"]
[Site "Chemnitz"]
[Date "1990.??.??"]
[Round "?"]
[White "Rosiak, Andrzej"]
[Black "Lorenz, Gerd"]
[Result "1-0"]
[WhiteElo "2390"]
[BlackElo "2275"]
[PlyCount "57"]
[EventDate "1990.??.??"]
[EventType "tourn"]
[EventRounds "11"]
[EventCountry "DDR"]
[EventCategory "4"]
[SourceTitle "CBM 018 Extra"]
[Source "ChessBase"]
[SourceDate "1990.11.01"]
[SourceVersion "1"]
[SourceVersionDate "1990.11.01"]
[SourceQuality "1"]

1. c4 Nf6 2. Nf3 g6 3. Nc3 d5 4. cxd5 Nxd5 5. g3 Bg7 6. Bg2 0-0 7. 0-0 Nc6 8. d4 Nb6 9. e3 e5 10. d5 Ne7 11. e4 Bd7 12. b3 Nbc8 13. Bb2 Nd6 14. Qe2 f5 15. exf5 Nexf5 16. Rfe1 Nd4 17. Nxd4 exd4 18. Ne4 Nxe4 19. Bxe4 Qf6 20. Qd2 Bg4 21. Rac1 Rae8 22. Rxc7 Bf3 23. Bxf3 Qxf3 24. Rxg7+ Kxg7 25. Qxd4+ Kh6 26. Rxe8 Rxe8 27. Qg7+ Kg5 28. h4+ Kg4 29. Qd7+ 1-0

[Event "POL-chT 43rd"]
[Site "Jachranka"]
[Date "1987.??.??"]
[Round "4"]
[White "Rosiak, Andrzej"]
[Black "Flis, Jacek"]
[Result "1/2-1/2"]
[WhiteElo "2335"]
[BlackElo "2340"]
[PlyCount "68"]
[EventDate "1987.09.23"]
[EventType "team-tourn"]
[EventRounds "11"]
[EventCountry "POL"]
[SourceTitle "EXT 2019"]
[Source "ChessBase"]
[SourceDate "2018.10.10"]
[SourceVersion "1"]
[SourceVersionDate "2018.10.10"]
[SourceQuality "1"]
[WhiteTeam "Lodz Anilana"]
[BlackTeam "Czestochowa Skra-Komobex"]
[WhiteTeamCountry "POL"]
[BlackTeamCountry "POL"]

1. c4 Nf6 2. Nf3 d6 3. Nc3 e5 4. g3 g6 5. Bg2 Bg7 6. 0-0 0-0 7. Rb1 a5 8. a3 Bf5 9. d3 Nc6 10. e4 Bg4 11. h3 Bxf3 12. Bxf3 Nd4 13. Bg2 c6 14. Ne2 Nxe2+ 15. Qxe2 Nd7 16. b4 axb4 17. axb4 Qe7 18. b5 Nc5 19. Be3 Ra3 20. bxc6 bxc6 21. Ra1 Rxa1 22. Rxa1 Qb7 23. Qc2 Rb8 24. Kh2 h5 25. h4 Kh7 26. Ra3 Qe7 27. Qa2 Bh6 28. Ra7 Rb7 29. Bxc5 dxc5 30. Rxb7 Qxb7 31. Qa5 Qe7 32. Bf3 Qd6 33. Kg2 Kg7 34. Qc3 Qd4 1/2-1/2

[Event "POL-chT 43rd"]
[Site "Jachranka"]
[Date "1987.??.??"]
[Round "2"]
[White "Rosiak, Andrzej"]
[Black "Sygulski, Artur"]
[Result "1/2-1/2"]
[WhiteElo "2335"]
[BlackElo "2410"]
[PlyCount "43"]
[EventDate "1987.09.23"]
[EventType "team-tourn"]
[EventRounds "11"]
[EventCountry "POL"]
[SourceTitle "EXT 2019"]
[Source "ChessBase"]
[SourceDate "2018.10.10"]
[SourceVersion "1"]
[SourceVersionDate "2018.10.10"]
[SourceQuality "1"]
[WhiteTeam "Lodz Anilana"]
[BlackTeam "Katowice Kolejarz"]
[WhiteTeamCountry "POL"]
[BlackTeamCountry "POL"]

1. c4 e6 2. Nf3 d5 3. b3 b6 4. g3 Bb7 5. Bg2 Nf6 6. 0-0 Be7 7. Bb2 0-0 8. e3 c5 9. Nc3 Nc6 10. cxd5 exd5 11. d4 Re8 12. Ne5 Bf8 13. Nxc6 Bxc6 14. Rc1 Rc8 15. Qd2 c4 16. e4 dxe4 17. d5 b5 18. Qd4 Bd7 19. Nxe4 Nxe4 20. Bxe4 Qa5 21. Ba1 Qa6 22. a3 1/2-1/2

[Event "POL-chT 42nd"]
[Site "Porabka"]
[Date "1986.10.??"]
[Round "1"]
[White "Rosiak, Andrzej"]
[Black "Adamski, Andrzej"]
[Result "1-0"]
[WhiteElo "2330"]
[BlackElo "2370"]
[PlyCount "168"]
[EventDate "1986.10.18"]
[EventType "team-tourn"]
[EventRounds "11"]
[EventCountry "POL"]
[SourceTitle "EXT 2019"]
[Source "ChessBase"]
[SourceDate "2018.10.10"]
[SourceVersion "1"]
[SourceVersionDate "2018.10.10"]
[SourceQuality "1"]
[WhiteTeam "Lodz Anilana"]
[BlackTeam "Warszawa Maraton"]
[WhiteTeamCountry "POL"]
[BlackTeamCountry "POL"]

1. c4 Nf6 2. Nf3 g6 3. g3 Bg7 4. Bg2 0-0 5. Nc3 d6 6. 0-0 c6 7. d3 e5 8. Rb1 a5 9. a3 Nh5 10. b4 axb4 11. axb4 f5 12. Qc2 h6 13. b5 g5 14. bxc6 bxc6 15. Nd2 Kh8 16. Bb2 Ra7 17. Na4 Be6 18. Bc3 f4 19. Rb6 fxg3 20. hxg3 Nf6 21. Rfb1 Nfd7 22. R6b2 d5 23. Bb4 Rf7 24. Nc5 Nxc5 25. Bxc5 Ra8 26. Ra2 Nd7 27. Rxa8 Qxa8 28. cxd5 cxd5 29. Bd6 Qa7 30. e3 Qa6 31. Bc7 Nf8 32. Bb6 Qa8 33. Rc1 Qa6 34. Bc5 Rc7 35. d4 exd4 36. exd4 Rf7 37. Re1 Qc8 38. Qb3 Rb7 39. Qe3 Bg8 40. Nf3 Nd7 41. Bd6 Rb6 42. Be5 Nxe5 43. Nxe5 Qf5 44. Bf1 Bh7 45. Bd3 Qe6 46. Qf3 Kg8 47. Bxh7+ Kxh7 48. Kg2 Kg8 49. Re2 Rb8 50. Qd3 Re8 51. Re3 Bxe5 52. Rxe5 Qf7 53. Rf5 Qe6 54. Qf3 Rd8 55. Rf6 Qe4 56. Rxh6 Kg7 57. Rf6 g4 58. Qxe4 dxe4 59. Rf4 Rxd4 60. Kf1 Rc4 61. Ke2 Kg6 62. Rxg4+ Kf5 63. Rh4 Rc2+ 64. Kf1 Rb2 65. Rh5+ Kf6 66. Rh8 Rb4 67. Rf8+ Ke7 68. Ra8 Ke6 69. Kg2 Rb7 70. Rf8 Rg7 71. Kh3 Rh7+ 72. Kg4 Ke5 73. Kg5 Rh2 74. g4 Kd4 75. Kg6 Kd3 76. g5 Rh1 77. Kg7 Rh3 78. g6 Rf3 79. Rxf3+ exf3 80. Kf6 Ke2 81. g7 Kxf2 82. g8Q Ke1 83. Qe6+ Kd2 84. Qd5+ Ke2 1-0

[Event "POL-chT 42nd"]
[Site "Porabka"]
[Date "1986.10.??"]
[Round "10"]
[White "Rosiak, Andrzej"]
[Black "Hass, Roman"]
[Result "1/2-1/2"]
[WhiteElo "2330"]
[BlackElo "2305"]
[PlyCount "48"]
[EventDate "1986.10.18"]
[EventType "team-tourn"]
[EventRounds "11"]
[EventCountry "POL"]
[SourceTitle "EXT 2019"]
[Source "ChessBase"]
[SourceDate "2018.10.10"]
[SourceVersion "1"]
[SourceVersionDate "2018.10.10"]
[SourceQuality "1"]
[WhiteTeam "Lodz Anilana"]
[BlackTeam "Warszawa Legion"]
[WhiteTeamCountry "POL"]
[BlackTeamCountry "POL"]

1. c4 c5 2. g3 g6 3. Bg2 Bg7 4. Nc3 Nc6 5. e4 e6 6. Nge2 Nge7 7. 0-0 0-0 8. a3 b6 9. Rb1 Bb7 10. b4 d6 11. d3 Qd7 12. h3 Rfd8 13. Be3 Nd4 14. a4 Nxe2+ 15. Nxe2 cxb4 16. Rxb4 d5 17. cxd5 exd5 18. Bd4 Nc6 19. Bxg7 Kxg7 20. Qa1+ Kg8 21. Rbb1 dxe4 22. dxe4 Qd2 23. Nf4 Qd4 24. Qa3 Ne5 1/2-1/2

[Event "POL-chT 42nd"]
[Site "Porabka"]
[Date "1986.10.??"]
[Round "6"]
[White "Sajko, Czeslaw"]
[Black "Rosiak, Andrzej"]
[Result "1/2-1/2"]
[WhiteElo "2210"]
[BlackElo "2330"]
[PlyCount "27"]
[EventDate "1986.10.18"]
[EventType "team-tourn"]
[EventRounds "11"]
[EventCountry "POL"]
[SourceTitle "EXT 2019"]
[Source "ChessBase"]
[SourceDate "2018.10.10"]
[SourceVersion "1"]
[SourceVersionDate "2018.10.10"]
[SourceQuality "1"]
[WhiteTeam "Czestochowa Skra-Komobex"]
[BlackTeam "Lodz Anilana"]
[WhiteTeamCountry "POL"]
[BlackTeamCountry "POL"]

1. e4 e6 2. d4 d5 3. exd5 exd5 4. Bd3 Bd6 5. Ne2 Nf6 6. 0-0 0-0 7. Bf4 Bg4 8. Bxd6 Qxd6 9. Nbc3 c6 10. Qd2 Nbd7 11. Ng3 Rfe8 12. Rfe1 Nf8 13. h3 Bd7 14. Bf5 1/2-1/2

[Event "POL-chT 42nd"]
[Site "Porabka"]
[Date "1986.10.??"]
[Round "11"]
[White "Twardon, Marian"]
[Black "Rosiak, Andrzej"]
[Result "1/2-1/2"]
[WhiteElo "2345"]
[BlackElo "2330"]
[PlyCount "105"]
[EventDate "1986.10.18"]
[EventType "team-tourn"]
[EventRounds "11"]
[EventCountry "POL"]
[SourceTitle "EXT 2019"]
[Source "ChessBase"]
[SourceDate "2018.10.10"]
[SourceVersion "1"]
[SourceVersionDate "2018.10.10"]
[SourceQuality "1"]
[WhiteTeam "Myslowice Gornik 09"]
[BlackTeam "Lodz Anilana"]
[WhiteTeamCountry "POL"]
[BlackTeamCountry "POL"]

1. d4 Nf6 2. c4 c5 3. d5 e6 4. Nc3 exd5 5. cxd5 d6 6. Nf3 g6 7. Bf4 a6 8. e4 b5 9. Qe2 Nh5 10. Bg5 Be7 11. Bh6 Bf8 12. Qe3 Bxh6 13. Qxh6 b4 14. Nd1 Bg4 15. Nd2 Bxd1 16. Rxd1 Qf6 17. g3 Nd7 18. Be2 Qg7 19. Qe3 Qxb2 20. Nc4 Qf6 21. f4 Ng7 22. Bg4 Qe7 23. e5 0-0 24. Bxd7 Qxd7 25. Nxd6 Qh3 26. Qxc5 Qg2 27. Rf1 Qxa2 28. Rf2 Qb3 29. Qd4 a5 30. g4 Qh3 31. Ne4 Qh4 32. f5 gxf5 33. Nf6+ Kh8 34. gxf5 Qxd4 35. Rxd4 Ne8 36. Nxh7 Rg8 37. Rh4 Rg1+ 38. Kd2 Kg7 39. f6+ Kg8 40. Rf5 Ra6 41. d6 Nxd6 42. exd6 Rxd6+ 43. Ke2 Rdd1 44. Rg5+ Rxg5 45. Nxg5 Rg1 46. Nf3 b3 47. Nd2 b2 48. Kd3 Rd1 49. Kc2 Rxd2+ 50. Kb1 a4 51. Rxa4 Rxh2 52. Rg4+ Kf8 53. Rb4 1/2-1/2

[Event "POL-chT 37th"]
[Site "Lubniewice"]
[Date "1981.10.??"]
[Round "4"]
[White "Rosiak, Andrzej"]
[Black "Borysiak, Boguslaw"]
[Result "0-1"]
[WhiteElo "2295"]
[BlackElo "2240"]
[PlyCount "80"]
[EventDate "1981.10.10"]
[EventType "team-swiss"]
[EventRounds "7"]
[EventCountry "POL"]
[SourceTitle "EXT 2019"]
[Source "ChessBase"]
[SourceDate "2018.10.10"]
[SourceVersion "1"]
[SourceVersionDate "2018.10.10"]
[SourceQuality "1"]
[WhiteTeam "Lodz Start"]
[BlackTeam "Warszawa Legion"]
[WhiteTeamCountry "POL"]
[BlackTeamCountry "POL"]

1. c4 g6 2. Nc3 Bg7 3. g3 Nf6 4. Bg2 0-0 5. Nf3 d6 6. 0-0 Nc6 7. d3 e5 8. Rb1 Nd4 9. Nxd4 exd4 10. Nb5 Ng4 11. h3 c6 12. Na3 Nh6 13. Nc2 Nf5 14. b4 a5 15. b5 c5 16. e3 Rb8 17. exd4 Nxd4 18. Bb2 Nxc2 19. Qxc2 b6 20. Rbd1 Bxb2 21. Qxb2 Be6 22. f4 d5 23. g4 dxc4 24. dxc4 Qh4 25. Qc3 Rbd8 26. Bd5 Rfe8 27. Bxe6 Rxe6 28. Rxd8+ Qxd8 29. f5 Rd6 30. fxg6 hxg6 31. Re1 Rd4 32. Re2 Qf6 33. Qe3 Rxc4 34. Qe8+ Kg7 35. Rf2 Rf4 36. Rxf4 Qxf4 37. Kg2 c4 38. Qc6 Qd2+ 39. Kf3 c3 40. g5 c2 0-1